00564nam a22001572 4500001001100000005001700011008004100028020003000069040001500099100003100114245011600145260005500261300001800316650003600334700003600370000000711620151217152023.0071117s xx 000 0 eng d a1403987394 :cKES 2362.50 aKABUcKABU1 aVaggi, Gianni.@000015817012aA Concise history of economic thought :bfrom mercantilism to monetarism /cGianni Vaggi and Peter Groenewegen. aBasingstoke, England :bPalgrave Macmillan,c2003. axvii, 339 p. 0aEconomicsxHistory.@00001499061 aGroenewegen, Peter.@0000158171